| 000 | 01849ncm0a2200373 4500 | ||
|---|---|---|---|
| 001 | RU\NLR\ONIZ\209710 | ||
| 005 | 20250624195301.0 | ||
| 010 | _a5-902711-32-0 | ||
| 021 |
_aRU _b05-517 _905-21 |
||
| 035 | _aRU\NLR\ONIZ\Таня\5000001285\20150402151736 | ||
| 035 | _a(NLR Aleph) 010890536 | ||
| 090 |
_a10550592 _c10550592 |
||
| 100 | _a20150402d2005 |||y0rusy50 ca | ||
| 101 | 0 | _arus | |
| 102 | _aRU | ||
| 125 | _azx | ||
| 128 | _asg | ||
| 145 | 0 | _ac | |
| 200 | 1 |
_aРодниковый край _bНоты _eсб. песен _eдля голоса с фп. _fсл. и муз. Н. И. Маковеевой |
|
| 210 |
_aБелгород _cКонстанта _d2005 |
||
| 215 |
_a[40] с. _cпортр. _d29 см |
||
| 313 | _aСистематизация документа проведена по изданию - Методика классифицирования музыкальных произведений (нотных изданий) по таблицам Библиотечно-библиографических классификаций : метод. рекомендации / Гос. б-ка СССР им. В.И. Ленина.- М., 1977. Индексу ББК методических рекомендаций присваивается код ББК для научных библиотек - LBC/SL | ||
| 686 |
_aЩ943.4-42-043.3(2Р)я44 _vLBC/SL _2rubbk |
||
| 700 | 1 |
_9z01790 _aМаковеева _bН. И. _gНаталья Ивановна _4230 _4520 |
|
| 790 | 1 |
_9z01700 _aMakoveeva _bN. I. _gNatal'ya Ivanovna _4230 _4520 |
|
| 801 | 0 |
_aRU _bNLR _c20150402 _gPSBO |
|
| 801 | 1 |
_aRU _bNLR _c20150402 _2rusmarc |
|
| 801 | 2 |
_aRU _bNLR _c20190630 |
|
| 852 |
_aNLR _bМ _jК-3/24805 _pМОЭ 2005-21/517 _t1 |
||
| 852 |
_aNLR _bМ _jК-3/24805а _pМОЭ 2005-21/517а _t2 |
||
| 942 | _cSCORE | ||
| 980 | _aNB | ||
| 980 | _aONIZ | ||